[Event "Coupe Niveau 3"]
[Site "www.echecsemail.com"]
[Date "2026.01.22"]
[Round "1"]
[White "Luc20"]
[Black "Elghribi"]
[WhiteElo "1830"]
[BlackElo "1930"]
[Result "0-1"]
1.d4 Ng8f6
2.c4 g6
3.Nb1c3 Bf8g7
4.Ng1f3 O-O
5.Bc1g5 h6
6.Bg5h4 d6
7.e4 Nb8c6
8.Bf1e2 a6
9.O-O e5
10.Nc3d5 exd4
11.Nf3xd4 Nc6xd4
12.Qd1xd4 g5
13.Bh4g3 Nf6xd5
14.Qd4xd5 Bg7xb2
15.Ra1b1 Bb2g7
16.Rf1d1 Qd8e7
17.Be2h5 Ra8b8
18.Qd5d3 Bc8e6
19.a4 f5
20.f3 f4
21.Bg3f2 Bg7e5
22.Bf2d4 Rf8d8
23.Rb1b3 Qe7f6
24.Bd4f2 Kg7
25.Bf2a7 Rb8a8
26.Rb3xb7 Rd8d7
27.Ba7d4 c5
28.Rb7xd7 Be6xd7
29.Bd4xe5 Qf6xe5
30.Qd3xd6 Qe5xd6
31.Rd1xd6 Bd7xa4
32.Bh5g4 Ba4b3
33.Bg4e6 a5
34.Rd6b6 a4
35.Be6d7 a3
36.Rb6xb3 a2
37.h3 a1Q
38.Kh2 Qa1e1
39.Rb3b7 Qe1g3
{ abandon }0-1

[Event "Tournoi échelle division 1"]
[Site "www.echecsemail.com"]
[Date "2026.01.22"]
[Round "1"]
[White "Bertelsen"]
[Black "Pgo"]
[WhiteElo "1730"]
[BlackElo "1740"]
[Result "1/2-1/2"]
1.d4 d5
2.Ng1f3 Bc8g4
3.Nb1d2 e6
4.a3 Ng8f6
5.c3 Bf8d6
6.h3 Bg4xf3
7.Nd2xf3 O-O
8.e3 a6
9.Bf1d3 c6
10.O-O h6
11.Kh1 b5
12.b3 Rf8e8
13.c4 dxc4
14.bxc4 Nb8d7
15.c5 Bd6c7
16.Bc1d2 a5
17.Qd1b3 a4
18.Qb3c2 e5
19.dxe5 Nd7xe5
20.Nf3xe5 Bc7xe5
21.Ra1d1 Qd8c7
22.Bd2b4 Ra8d8
23.f3 Be5g3
24.e4 h5
25.Bb4e1 Bg3xe1
26.Rf1xe1 Qc7g3
27.Re1e2 h4
28.Qc2c3 Re8e5
29.Qc3e1 Qg3xe1
30.Re2xe1 Re5xc5
31.e5 Nf6d5
32.e6 fxe6
33.Re1xe6 Nd5c3
34.Bd3h7 Kxh7
35.Rd1xd8 Nc3b1
36.Re6e3 Rc5c1
37.Kh2 Rc1c3
38.Rd8d3 Rc3c1
39.Re3e2 Nb1c3
40.Re2b2 g5
41.g3 Nc3d1
42.Rb2e2 Nd1c3
43.Re2e6 Nc3d5
44.Re6e2 hxg3
45.Kxg3 Nd5f4
46.Re2e7 Kg6
47.Rd3d6 Kf5
48.Rd6h6 Rc1c2
49.Re7f7 Ke5
50.Rf7e7 Kf5
51.Re7f7 Ke5
52.Rf7e7 Kf5
53.Re7f7 1/2-1/2

[Event "Coupe Niveau 3"]
[Site "www.echecsemail.com"]
[Date "2026.01.22"]
[Round "1"]
[White "Nbelnico"]
[Black "Luc20"]
[WhiteElo "1710"]
[BlackElo "1830"]
[Result "0-1"]
1.e4 e6
2.e5 d5
3.d4 c5
4.dxc5 Bf8xc5
5.Ng1f3 h6
6.Bf1d3 Nb8c6
7.O-O Ng8e7
8.a4 a6
9.c4 d4
10.b4 Nc6xb4
11.Bc1f4 Nb4xd3
12.Qd1xd3 Ne7g6
13.Rf1d1 Ng6xf4
14.Qd3e4 Nf4g6
15.Nf3xd4 Qd8b6
16.Nb1c3 O-O
17.a5 Qb6a7
18.Nc3e2 Bc8d7
19.Kf1 Rf8d8
20.h4 Ra8c8
21.h5 Ng6e7
22.Nd4f3 Bc5xf2
23.Ra1b1 Ne7c6
24.Ne2f4 Bf2g3
25.Nf4e2 Qa7f2
0-1

[Event "Tournoi n27355"]
[Site "www.echecsemail.com"]
[Date "2026.01.22"]
[Round "1"]
[White "Leredoutable"]
[Black "Legrillon"]
[WhiteElo "1760"]
[BlackElo "1720"]
[Result "1-0"]
1.e4 e5
2.f4 exf4
3.Ng1f3 h6
4.Bf1c4 d6
5.d4 g5
6.h4 Bf8e7
7.Nb1c3 Bc8g4
8.O-O gxh4
9.Bc1xf4 Be7g5
10.Bf4h2 Nb8c6
11.Bc4xf7 Kxf7
12.Nf3xg5 Ke7
13.Qd1xg4 Nc6xd4
14.Nc3d5 Ke8
15.Qg4e6 Nd4xe6
16.Ng5xe6 Ng8f6
17.Nd5xf6 Ke7
18.Ne6xd8 Ra8xd8
19.Nf6d5 Kd7
20.Rf1f7 Kc6
21.Rf7xc7 Kb5
22.a4 Ka5
23.Rc7xb7 { abandon }1-0

[Event "Tournoi n27382"]
[Site "www.echecsemail.com"]
[Date "2026.01.22"]
[Round "1"]
[White "Vvvv"]
[Black "Nbelnico"]
[WhiteElo "1720"]
[BlackElo "1700"]
[Result "1-0"]
1.e4 e5
2.Ng1f3 d6
3.d4 exd4
4.Nf3xd4 h6
5.Bf1e2 a6
6.Nb1d2 c5
7.Nd4f3 Nb8c6
8.c3 Ng8f6
9.O-O Bf8e7
10.Rf1e1 O-O
11.Be2d3 b5
12.Nd2f1 c4
13.Bd3c2 Bc8b7
14.Re1e2 Bb7c8
15.Re2d2 Qd8c7
16.Nf1g3 Bc8g4
17.h3 Bg4h5
18.Ng3xh5 Nf6xh5
19.Nf3d4 Be7g5
20.Rd2e2 Bg5xc1
21.Ra1xc1 Nc6e5
22.Re2d2 Qc7e7
23.Qd1xh5 Ne5g6
24.Nd4f5 Qe7f6
25.Nf5xh6 gxh6
26.Qh5xh6 Rf8e8
27.Rc1e1 Re8e6
28.Rd2d5 Qf6e7
29.Rd5g5 Re6e5
30.Rg5xg6 fxg6
31.Qh6xg6 Kf8
32.Re1e3 Re5e6
33.Re3f3 { abandon }1-0

[Event "Eq:Vikings-La Diagonale du Fou :"]
[Site "www.echecsemail.com"]
[Date "2026.01.22"]
[Round "1"]
[White "Foxie519"]
[Black "Bibisept"]
[WhiteElo "1710"]
[BlackElo "1970"]
[Result "0-1"]
1.e4 c6
2.d3 d5
3.h3 dxe4
4.Nb1c3 Ng8f6
5.Qd1e2 exd3
6.cxd3 Bc8f5
7.Bc1e3 e5
8.O-O-O Qd8a5
9.Kb1 Nf6d5
10.Nc3xd5 cxd5
11.g4 Bf5g6
12.Bf1g2 Nb8c6
13.Be3d2 Qa5b5
14.Bd2e3 a5
15.f4 h6
16.f5 Bg6h7
17.d4 Qb5xe2
18.Ng1xe2 g6
19.Ne2g3 Bf8g7
20.Bg2xd5 Nc6xd4
21.Be3xd4 exd4
22.Rh1e1 Kf8
23.Bd5xb7 Ra8b8
24.Bb7e4 Bg7f6
25.Be4d3 Bf6h4
26.Re1g1 Kg7
27.Ng3e4 Rh8d8
28.Rg1f1 f6
29.Rd1c1 Rb8b6
30.Rc1c7 Kg8
31.Ne4c5 Bh4g3
32.Rc7a7 Rd8b8
33.b3 Rb6c6
34.Nc5d7 Rb8d8
35.fxg6 Bh7xg6
36.Bd3xg6 Bg3h4
37.Bg6f5 Rc6c3
38.Ra7xa5 Rc3xh3
39.g5 Rh3e3
40.g6 Kg7
41.Ra5a7 Re3e7
42.Rf1d1 Bh4f2
43.Kb2 h5
44.Ka3 Kh6
45.Ra7a6 Kg5
46.Bf5e6 Kxg6
47.Nd7c5 h4
48.Nc5d3 Bf2g3
49.Nd3b4 Bg3d6
50.Rd1e1 d3
51.Ra6xd6 Rd8xd6
52.Nb4d5 Re7xe6
53.Re1xe6 Rd6xd5
54.Re6e1 h3
55.Kb2 h2
56.Re1d1 Rd5c5
57.Rd1h1 d2
58.b4 Rc5c1
{ abandon }0-1

[Event "MI6A"]
[Site "www.echecsemail.com"]
[Date "2026.01.22"]
[Round "1"]
[White "Sarcoidose59"]
[Black "Pherce"]
[WhiteElo "1980"]
[BlackElo "2230"]
[Result "1-0"]
1.c4 e5
2.Nb1c3 Ng8f6
3.Ng1f3 Nb8c6
4.g3 Bf8c5
5.Bf1g2 O-O
6.O-O d6
7.d3 h6
8.a3 a5
9.Ra1b1 Ra8b8
10.Bc1d2 Rf8e8
11.h3 e4
12.dxe4 Nf6xe4
13.Nc3xe4 Re8xe4
14.Rb1c1 Qd8e7
15.e3 Qe7f8
16.Nf3e1 Re4e7
17.Ne1d3 Bc5a7
18.Bd2c3 Bc8d7
19.b3 b6
20.Nd3f4 Rb8c8
21.Qd1d5 Nc6e5
22.Bc3xe5 Re7xe5
23.Qd5d3 Bd7e6
24.Nf4xe6 Re5xe6
25.h4 Rc8e8
26.Rc1e1 Qf8e7
27.Re1e2 c5
28.Bg2d5 Re6g6
29.Qd3xg6 { abandon }1-0

[Event "Eq:Avalon-La Diagonale du Fou :"]
[Site "www.echecsemail.com"]
[Date "2026.01.22"]
[Round "1"]
[White "Pourquoipas"]
[Black "Gimick"]
[WhiteElo "1630"]
[BlackElo "1530"]
[Result "1-0"]
1.f4 d5
2.Ng1f3 Ng8f6
3.e3 e6
4.b3 Nb8c6
5.Bf1b5 Bc8d7
6.O-O a6
7.Bb5d3 Bf8d6
8.Bc1b2 O-O
9.Qd1e1 Nf6h5
10.Qe1h4 g6
11.Bd3e2 Nc6b4
12.Be2d3 Nb4xd3
13.cxd3 c5
14.Bb2a3 Bd6e7
15.Qh4f2 Bd7c6
16.d4 cxd4
17.Nf3xd4 Be7f6
18.Ba3xf8 Qd8xf8
19.Nb1c3 Bf6xd4
20.exd4 Qf8e7
21.Ra1e1 Qe7a3
22.g4 Nh5f6
23.f5 Nf6xg4
24.Qf2f4 exf5
25.Qf4g5 h6
26.Qg5h4 b5
27.Re1a1 Qa3b4
28.Rf1f4 Qb4d6
29.Qh4g3 Qd6a3
30.h3 Ng4f6
31.Rf4xf5 Qa3b2
32.Qg3e1 gxf5
33.Qe1g3 Kf8
34.Qg3d6 Kg7
35.Ra1d1 Ra8c8
36.Kh2 Qb2c2
37.Rd1g1 Nf6g4
38.hxg4 Qc2xd2
39.Kh1 Qd2xc3
40.gxf5 Kh7
41.Qd6f6 Qc3f3
42.Rg1g2 Rc8g8
43.Qf6xf7 { abandon }1-0

[Event "Défi"]
[Site "www.echecsemail.com"]
[Date "2026.01.22"]
[Round "1"]
[White "Lecevenol"]
[Black "Coco"]
[WhiteElo "1260"]
[BlackElo "1779"]
[Result "0-1"]
1.e4 e5
2.Ng1f3 d6
3.g3 c6
4.Bf1g2 Bf8e7
5.O-O Ng8f6
6.d3 O-O
7.h3 Nb8d7
8.Nb1c3 b5
9.b4 Bc8b7
10.Bc1g5 a5
11.h4 h6
12.Bg5e3 axb4
13.Nc3b1 c5
14.Nb1d2 Bb7c6
15.Bg2h3 Nd7b6
16.Qd1b1 Nb6a4
17.Qb1b3 Na4b6
18.Rf1c1 Ra8a3
19.Qb3b2 Nb6a4
20.Qb2b1 Na4c3
21.Qb1b2 Nc3e2
22.Kf1 Ne2xc1
23.Qb2xc1 Bc6d7
24.Nd2b3 Bd7xh3
25.Kg1 Bh3e6
26.Be3d2 Be6xb3
27.cxb3 Qd8a8
28.Qc1b2 Qa8c8
29.Nf3e1 Qc8h3
30.Ne1g2 Nf6g4
31.Qb2b1 Qh3h2
32.Kf1 Qh2h1
33.Ke2 Qh1xb1
34.Ra1xb1 Ra3xa2
35.f3 Ng4f6
36.Ng2e3 Rf8a8
37.Kd1 Ra2a1
38.Kc2 Ra1xb1
39.Kxb1 Nf6h5
40.Bd2e1 g5
41.hxg5 Be7xg5
42.Be1f2 Bg5xe3
43.Bf2xe3 Kh7
44.g4 Nh5g3
45.Be3f2 Ng3e2
46.Bf2h4 Kg6
47.Kb2 Ne2d4
48.Bh4e7 Ra8a6
49.Be7h4 Nd4xf3
50.Bh4f2 h5
51.gxh5 Kxh5
52.Bf2g3 Ra6a8
53.Kb1 Ra8g8
54.Bg3f2 Rg8g2
55.Bf2e3 Nf3d2
56.Kc2 Nd2f1
{ abandon }0-1

[Event "Défi( 10J+24H/c 10J Max )"]
[Site "www.echecsemail.com"]
[Date "2026.01.22"]
[Round "1"]
[White "Uji40"]
[Black "Matsonic"]
[WhiteElo "1630"]
[BlackElo "1820"]
[Result "0-1"]
1.e4 c5
2.Ng1f3 d6
3.d4 cxd4
4.Nf3xd4 a6
5.Bf1e2 h6
6.O-O Ng8f6
7.Nb1c3 e5
8.Nd4f3 Bf8e7
9.h3 O-O
10.Bc1e3 Nb8c6
11.a3 b5
12.b4 Bc8b7
13.Nf3h4 Nf6xe4
14.Nc3xe4 Be7xh4
15.c3 Bh4e7
16.Be2d3 f5
17.Ne4d2 e4
18.Bd3b1 d5
19.Qd1c2 f4
20.Be3d4 Nc6xd4
21.cxd4 Ra8c8
22.Bb1a2 Rc8xc2
{ abandon }0-1

[Event "Tournoi échelle division 2"]
[Site "www.echecsemail.com"]
[Date "2026.01.22"]
[Round "1"]
[White "Bertelsen"]
[Black "Nbelnico"]
[WhiteElo "1690"]
[BlackElo "1710"]
[Result "1-0"]
1.d4 d5
2.Ng1f3 Nb8c6
3.Nb1c3 e6
4.a3 h6
5.e3 Ng8f6
6.Bf1d3 Bf8d6
7.h3 O-O
8.Qd1e2 e5
9.dxe5 Bd6xe5
10.Nc3d1 d4
11.e4 Nf6h7
12.O-O f5
13.exf5 Qd8e8
14.Bd3c4 Kh8
15.Bc4d3 Bc8xf5
16.Bd3xf5 Be5h2
17.Kxh2 Qe8f7
18.Bf5e4 Ra8b8
19.Be4xc6 bxc6
20.Nf3xd4 c5
21.Nd4f3 Rb8e8
22.Qe2c4 Qf7e7
23.Qc4c3 Nh7f6
24.Nf3h4 Nf6e4
25.Nh4g6 Kg8
26.Ng6xe7 Re8xe7
27.Qc3c4 Kh8
28.f3 Ne4g5
29.Bc1xg5 hxg5
30.Nd1c3 Re7e8
31.Ra1d1 Re8e5
32.Rd1d7 Rf8c8
33.Qc4f7 Rc8g8
34.Qf7h5 1-0

[Event "Tournoi échelle élite"]
[Site "www.echecsemail.com"]
[Date "2026.01.22"]
[Round "1"]
[White "Verson"]
[Black "Alain64"]
[WhiteElo "1850"]
[BlackElo "2080"]
[Result "0-1"]
1.d4 Ng8f6
2.Ng1f3 e6
3.e3 Bf8e7
4.Bf1d3 d5
5.Nb1d2 c5
6.c3 Nb8c6
7.O-O O-O
8.Rf1e1 cxd4
9.exd4 Be7d6
10.Nd2f1 Qd8c7
11.Bc1g5 e5
12.dxe5 Nc6xe5
13.Nf3xe5 Bd6xe5
14.h3 h6
15.Bg5h4 Bc8d7
16.Bh4g3 Rf8e8
17.Bg3xe5 Re8xe5
18.Re1xe5 Qc7xe5
19.Nf1g3 Ra8e8
20.Qd1d2 h5
21.Bd3c2 h4
22.Ng3f1 Nf6h5
23.Qd2d3 g6
24.Qd3f3 Bd7c6
25.Qf3e3 Qe5xe3
26.Nf1xe3 Kg7
27.Ra1d1 Nh5f4
28.Bc2b3 Re8d8
29.Ne3c2 a5
30.Nc2e3 d4
31.cxd4 Rd8xd4
32.Rd1xd4 Nf4e2
33.Kf1 Ne2xd4
34.Bb3d5 Bc6xd5
35.Ne3xd5 f5
36.Ke1 Kf7
37.Kd2 g5
38.Kd3 Nd4c6
39.a3 Ke6
40.Nd5e3 Nc6e5
41.Kd4 g4
42.b4 axb4
43.axb4 f4
44.Ne3xg4 Ne5xg4
45.hxg4 f3
{ abandon }0-1

[Event "Tournoi n27389"]
[Site "www.echecsemail.com"]
[Date "2026.01.22"]
[Round "1"]
[White "Titi050"]
[Black "Tiounet"]
[WhiteElo "1800"]
[BlackElo "1660"]
[Result "1/2-1/2"]
1.d4 b5
2.Ng1f3 Bc8b7
3.g3 g6
4.Bf1g2 Bf8g7
5.O-O e6
6.Bc1g5 Ng8e7
7.Qd1d2 O-O
8.Bg5h6 Rf8e8
9.Bh6xg7 Kxg7
10.Nb1c3 a6
11.a3 Kg8
12.Qd2h6 Ne7f5
13.Qh6h3 Nb8c6
14.Ra1d1 Qd8f6
15.Qh3g4 Nf5h6
16.Qg4g5 Qf6xg5
17.Nf3xg5 Nh6f5
18.Ng5e4 Kg7
19.Ne4c5 Bb7c8
20.d5 exd5
21.Rd1xd5 d6
22.e3 dxc5
23.Rd5xc5 Bc8b7
24.Bg2xc6 Bb7xc6
25.Rc5xc6 Ra8a7
26.Nc3d5 Re8c8
27.Rf1d1 Nf5d6
28.Nd5b4 Nd6c4
29.Rc6xa6 Ra7xa6
30.Nb4xa6 Nc4xb2
31.Rd1b1 Nb2c4
32.Rb1xb5 Nc4xa3
33.Rb5c5 c6
34.Na6b4 Na3b5
35.Rc5xc6 Rc8d8
36.Nb4d3 Nb5a3
37.Nd3b4 Rd8d1
38.Kg2 Rd1b1
39.Nb4d3 Rb1d1
40.Rc6d6 Na3xc2
41.Kf3 Nc2b4
42.Ke2 Rd1b1
43.Nd3xb4 Rb1xb4
44.Kf3 h5
45.e4 g5
46.e5 g4
47.Ke3 Rb4b5
48.f4 Rb5b3
49.Kf2 { nul }1/2-1/2

[Event "Défi( 10J+24H/c 10J Max )"]
[Site "www.echecsemail.com"]
[Date "2026.01.22"]
[Round "1"]
[White "Gambitor"]
[Black "Rocinante"]
[WhiteElo "1550"]
[BlackElo "1570"]
[Result "0-1"]
1.d4 d5
2.c4 Ng8f6
3.Nb1c3 e6
4.Bc1g5 dxc4
5.Ng1f3 Bf8d6
6.e4 Bd6e7
7.Bf1xc4 Nb8c6
8.O-O O-O
9.a3 a6
10.d5 Nc6a5
11.b3 Na5xc4
12.bxc4 Bc8d7
13.Nf3e5 Bd7e8
14.dxe6 fxe6
15.Qd1b3 Ra8b8
16.Nc3e2 Nf6xe4
17.Bg5xe7 Qd8xe7
18.Qb3e3 Ne4c5
19.Ne2f4 b6
20.Rf1d1 a5
21.Qe3f3 Nc5d7
22.Ne5c6 Qe7f6
23.Nc6xb8 Nd7xb8
24.g3 e5
25.Qf3b7 Be8a4
26.Rd1b1 exf4
27.Qb7xc7 Nb8d7
28.gxf4 Qf6d4
29.Rb1d1 Ba4xd1
{ abandon }0-1

[Event "Défi( 10J+24H/c 10J Max )"]
[Site "www.echecsemail.com"]
[Date "2026.01.22"]
[Round "1"]
[White "Ephixe"]
[Black "Tunnellavage"]
[WhiteElo "1820"]
[BlackElo "1720"]
[Result "1-0"]
1.e4 e5
2.Bf1c4 Ng8f6
3.d3 Nb8c6
4.f4 Bf8c5
5.Nb1c3 d6
6.f5 h6
7.Ng1f3 a6
8.Qd1e2 Bc8d7
9.Bc1e3 Bc5b4
10.Qe2d2 Qd8e7
11.a3 Bb4c5
12.Be3xc5 dxc5
13.O-O O-O-O
14.Qd2e3 Nc6d4
15.Qe3d2 b5
16.Bc4a2 Nf6h5
17.Nc3d5 Qe7e8
18.Qd2a5 { abandon }1-0

[Event "Tournoi n27339"]
[Site "www.echecsemail.com"]
[Date "2026.01.22"]
[Round "1"]
[White "Lbd26"]
[Black "Verson"]
[WhiteElo "1860"]
[BlackElo "1900"]
[Result "1-0"]
1.d4 d5
2.Bc1f4 Ng8f6
3.h3 e6
4.Ng1f3 Bf8d6
5.Bf4xd6 Qd8xd6
6.e3 O-O
7.Nf3e5 c5
8.c3 Nb8c6
9.f4 Nf6e4
10.Qd1g4 f6
11.Ne5xc6 Qd6xc6
12.Bf1d3 e5
13.Qg4f3 cxd4
14.c4 dxe3
15.Qf3xe3 Bc8e6
16.O-O Ne4c5
17.Bd3c2 dxc4
18.Nb1d2 Qc6c7
19.Ra1c1 b5
20.b4 Nc5b7
21.Qe3g3 Ra8d8
22.Nd2e4 Rd8d4
23.Qg3h4 f5
24.Ne4g5 Rf8e8
25.Qh4xh7 Kf8
26.Qh7h8 Ke7
27.Qh8xg7 Kd6
28.Qg7xe5 Kd7
29.Qe5xd4 Qc7d6
30.Qd4xa7 Qd6b8
31.Qa7e3 Nb7d8
32.Rc1d1 Kc6
33.Qe3c5 Kb7
34.Qc5xb5 { abandon }1-0

[Event "Tournoi n27404"]
[Site "www.echecsemail.com"]
[Date "2026.01.22"]
[Round "1"]
[White "Aramis"]
[Black "Tiounet"]
[WhiteElo "1570"]
[BlackElo "1640"]
[Result "0-1"]
1.d4 b5
2.e4 Bc8b7
3.Bf1d3 a6
4.a3 Ng8f6
5.Nb1d2 g6
6.Ng1h3 Bf8g7
7.Ra1b1 O-O
8.O-O d6
9.f3 Nb8d7
10.Nd2b3 Ra8c8
11.c3 e6
12.Rf1e1 c5
13.dxc5 Nd7xc5
14.Bd3c2 Nc5xb3
15.Bc2xb3 Qd8b6
16.Bc1e3 Qb6c7
17.Bb3c2 d5
18.exd5 Nf6xd5
19.Be3d2 Qc7c5
20.Kh1 Rf8d8
21.Nh3f4 Nd5xf4
22.Qd1c1 Nf4d3
23.Bc2xd3 Rd8xd3
24.Bd2e3 Qc5d6
25.Be3f4 Qd6d5
26.Re1e3 Rd3d2
27.Qc1f1 Rc8d8
28.h3 Qd5b3
29.Re3e1 Rd2xb2
30.Rb1xb2 Qb3xb2
31.Bf4e5 Bg7xe5
32.Re1xe5 Qb2xc3
33.Re5e1 Qc3xa3
34.Re1c1 Rd8d2
35.Rc1c7 Bb7d5
36.Rc7c8 Kg7
37.Qf1e1 Qa3a2
38.Qe1g1 Bd5b3
39.Rc8c1 Bb3d5
40.Rc1f1 b4
41.Kh2 Qa2a3
42.Kh1 b3
43.Rf1d1 Rd2c2
44.Qg1d4 Kg8
45.Qd4d3 a5
46.Rd1b1 a4
47.Qd3d1 Qa3c5
48.Qd1f1 b2
49.Rb1a1 bxa1Q
50.Qf1xa1 Rc2c1
{ abandon }0-1

[Event "Tournoi n27407"]
[Site "www.echecsemail.com"]
[Date "2026.01.22"]
[Round "1"]
[White "Tiounet"]
[Black "Wenoketo"]
[WhiteElo "1590"]
[BlackElo "1720"]
[Result "1-0"]
1.a3 e5
2.b4 d6
3.Bc1b2 Ng8f6
4.g3 Bf8e7
5.Bf1g2 Nb8d7
6.e3 O-O
7.Ng1e2 Ra8b8
8.O-O h6
9.c4 a6
10.Nb1c3 Nd7b6
11.Qd1b3 Bc8e6
12.d3 c6
13.a4 Nb6d7
14.Ra1c1 b5
15.axb5 cxb5
16.Qb3a2 bxc4
17.dxc4 Be6xc4
18.Qa2xc4 Qd8b6
19.Nc3a4 Qb6xb4
20.Qc4xb4 Rb8xb4
21.Rc1a1 Rf8b8
22.Rf1b1 a5
23.Ra1a2 d5
24.Ne2c3 d4
25.exd4 exd4
26.Nc3e2 d3
27.Ne2f4 d2
28.Rb1d1 Be7d6
29.Nf4d3 Nd7e5
30.Bb2xe5 Bd6xe5
31.Nd3xe5 Rb4b1
32.Ra2xd2 { abandon }1-0

[Event "Défi"]
[Site "www.echecsemail.com"]
[Date "2026.01.22"]
[Round "1"]
[White "Tartu"]
[Black "Khamis"]
[WhiteElo "1710"]
[BlackElo "1920"]
[Result "0-1"]
1.d4 d5
2.c4 c6
3.Nb1c3 Ng8f6
4.cxd5 cxd5
5.Ng1f3 Bc8f5
6.e3 Nb8c6
7.Bf1d3 Bf5xd3
8.Qd1xd3 e6
9.O-O Bf8d6
10.h3 O-O
11.e4 dxe4
12.Nc3xe4 Bd6c7
13.Bc1g5 h6
14.Ne4xf6 gxf6
15.Bg5e3 Kg7
16.a3 Rf8h8
17.Rf1d1 Qd8d6
18.b4 Ra8d8
19.Qd3c3 Rd8c8
20.Ra1c1 Qd6e7
21.b5 Nc6d8
22.Qc3b3 b6
23.d5 Nd8b7
24.a4 e5
25.Rc1c6 Nb7a5
26.Qb3c2 Na5xc6
27.dxc6 e4
28.Nf3h4 Qe7e5
29.Rd1d7 Rh8d8
30.g3 Rd8xd7
31.cxd7 Rc8d8
32.Be3f4 Qe5a1
33.Kg2 Bc7xf4
34.gxf4 Rd8xd7
35.Qc2xe4 Qa1d1
36.Nh4f5 Kf8
37.Qe4a8 Rd7d8
38.Qa8b7 Qd1d5
39.Qb7xd5 Rd8xd5
40.Kf3 Rd5xf5
{ abandon }0-1

[Event "Défi"]
[Site "www.echecsemail.com"]
[Date "2026.01.22"]
[Round "1"]
[White "Intrigue"]
[Black "Vvvv"]
[WhiteElo "1760"]
[BlackElo "1710"]
[Result "1-0"]
1.e4 e5
2.Ng1f3 Nb8c6
3.d4 exd4
4.Nf3xd4 Nc6xd4
5.Qd1xd4 f6
6.Nb1c3 c5
7.Qd4e3 Ng8e7
8.Bf1c4 b6
9.Qe3g3 Bc8b7
10.O-O Ne7g6
11.Bc4d5 Qd8c8
12.Bc1f4 d6
13.Rf1e1 Qc8c7
14.Nc3b5 Qc7b8
15.Nb5xd6 Bf8xd6
16.Bf4xd6 Qb8c8
17.Ra1d1 Bb7xd5
18.exd5 Kd8
19.c4 a6
20.Bd6f4 Ra8a7
21.Bf4c1 Ra7d7
22.b3 Ng6e5
23.Bc1b2 Rh8e8
24.h3 Re8e7
25.f4 Ne5g6
26.f5 Re7xe1
27.Rd1xe1 Ng6f8
28.Re1e3 Qc8c7
29.Qg3h4 Rd7d6
30.a3 b5
31.a4 bxc4
32.bxc4 g5
33.Qh4e1 { abandon }1-0

[Event "Défi( 10J+24H/c 10J Max )"]
[Site "www.echecsemail.com"]
[Date "2026.01.22"]
[Round "1"]
[White "Jetjet91330"]
[Black "Katastrofic"]
[WhiteElo "2110"]
[BlackElo "1390"]
[Result "1-0"]
1.c4 e5
2.Nb1c3 d6
3.e3 Bf8e7
4.d4 exd4
5.exd4 c6
6.Ng1f3 Ng8f6
7.Bf1e2 O-O
8.O-O b6
9.Rf1e1 Rf8e8
10.b3 h6
11.Bc1b2 a6
12.Be2d3 Kh8
13.Bd3c2 a5
14.Qd1d3 d5
15.h3 Be7b4
16.Nf3e5 Bb4xc3
17.Ne5xf7 { abandon }1-0

[Event "Tournoi n27406"]
[Site "www.echecsemail.com"]
[Date "2026.01.22"]
[Round "1"]
[White "Wenoketo"]
[Black "Hermite"]
[WhiteElo "1710"]
[BlackElo "1530"]
[Result "0-1"]
1.d4 d5
2.Ng1f3 Nb8c6
3.Nb1c3 e6
4.Bc1f4 f6
5.e3 Ng8e7
6.Bf1b5 g5
7.Bf4g3 g4
8.Nf3d2 h5
9.Bg3h4 Bf8g7
10.Nc3e2 Ne7f5
11.Bh4g3 Bc8d7
12.Bb5xc6 Bd7xc6
13.a3 Qd8d7
14.Nd2b3 O-O-O
15.Nb3c5 Qd7e7
16.Ne2f4 Qe7f7
17.Nc5xe6 Rd8d7
18.Ne6xg7 Qf7xg7
19.Nf4e6 Qg7e7
20.Ne6c5 Rd7d8
21.Bg3f4 Nf5d6
22.Qd1d2 Nd6e4
23.Nc5xe4 Qe7xe4
24.Qd2a5 Qe4e7
25.Qa5xa7 Kd7
26.Qa7a5 Qe7e4
27.Qa5xc7 Ke8
28.O-O Qe4xc2
29.Qc7g7 Rh8f8
30.Qg7g6 Qc2xg6
{ abandon }0-1

[Event "Coupe Niveau 3"]
[Site "www.echecsemail.com"]
[Date "2026.01.22"]
[Round "1"]
[White "Bertelsen"]
[Black "Luc20"]
[WhiteElo "1690"]
[BlackElo "1830"]
[Result "0-1"]
1.e4 e6
2.Ng1f3 d5
3.e5 c5
4.d3 Nb8c6
5.Bf1e2 h6
6.h3 Ng8e7
7.O-O Ne7f5
8.c3 Qd8c7
9.Bc1f4 Bf8e7
10.g4 Nf5h4
11.Nb1d2 Nh4xf3
12.Nd2xf3 a6
13.b3 b5
14.Qd1c1 Bc8b7
15.Bf4g3 Qc7b6
16.a3 d4
17.c4 O-O
18.Rf1e1 Ra8d8
19.Be2d1 Qb6a5
20.Re1e2 Rd8d7
21.Qc1d2 Qa5xd2
22.Nf3xd2 Rf8b8
23.cxb5 axb5
24.Ra1c1 Nc6a7
25.f4 Rd7c7
26.f5 Bb7d5
27.h4 Rb8c8
28.Kf2 Na7c6
29.Re2e1 Rc7a7
30.Rc1a1 Rc8a8
31.a4 bxa4
32.bxa4 Nc6b4
33.Ke2 Nb4a2
34.Kf2 Na2c3
35.Bd1c2 Nc3xa4
36.fxe6 Bd5xe6
37.Nd2e4 Be6xg4
38.e6 Bg4xe6
39.Re1b1 Be6d7
40.Rb1b8 Ra8xb8
41.Bg3xb8 Be7xh4
42.Bb8g3 Bh4xg3
43.Kxg3 Bd7e8
44.Ne4xc5 Ra7c7
45.Bc2xa4 Be8xa4
46.Nc5xa4 Rc7a7
47.Kf4 g5
48.Ke4 Kg7
49.Kxd4 f5
50.Kc4 g4
51.Kb5 Kg6
52.Ra1h1 Kg5
53.d4 h5
54.Na4c5 h4
55.Nc5e6 Kf6
56.Ne6f4 h3
57.d5 Ke5
58.Kb6 Ra7h7
59.Nf4e2 Kxd5
60.Ne2g3 f4
61.Rh1d1 Ke5
62.Rd1e1 Kf6
63.Ng3e4 Kf5
64.Ne4d6 Kg5
65.Nd6e4 Kh4
66.Re1h1 g3
67.Ne4d2 h2
68.Nd2f3 Kg4
69.Nf3e5 Kf5
70.Ne5f3 g2
{ abandon }0-1

[Event "Tetraktus 103"]
[Site "www.echecsemail.com"]
[Date "2026.01.22"]
[Round "1"]
[White "Karkaskat"]
[Black "Pgo"]
[WhiteElo "2060"]
[BlackElo "1740"]
[Result "0-1"]
1.e4 e5
2.Ng1f3 Nb8c6
3.Bf1c4 Bf8c5
4.c3 Ng8f6
5.d3 d6
6.h3 O-O
7.b4 Bc5b6
8.a4 a6
9.Bc4b3 h6
10.O-O g5
11.g4 Kg7
12.Nb1d2 Rf8e8
13.Rf1e1 Bc8e6
14.Bb3c2 Nf6d7
15.Nd2b3 Be6xb3
16.Bc2xb3 f6
17.d4 exd4
18.cxd4 Nc6xb4
19.h4 Bb6a5
20.Re1e2 Nb4c6
21.hxg5 hxg5
22.Qd1d3 Re8h8
23.e5 dxe5
24.dxe5 Nc6xe5
25.Nf3xe5 Nd7xe5
26.Qd3f5 Qd8d7
27.Qf5xd7 Ne5xd7
28.Re2e7 Kg6
29.Re7xd7 Ra8d8
30.Rd7xd8 Rh8xd8
31.Bc1e3 Ba5c3
32.Kg2 Bc3xa1
33.Kg3 Ba1e5
34.f4 gxf4
{ abandon }0-1

[Event "Transval 3"]
[Site "www.echecsemail.com"]
[Date "2026.01.22"]
[Round "1"]
[White "4x4"]
[Black "Woluwe1975"]
[WhiteElo "1450"]
[BlackElo "1640"]
[Result "0-1"]
1.e4 c6
2.d4 f5
3.exf5 Qd8a5
4.c3 Qa5xf5
5.Bf1d3 Qf5e6
6.Qd1e2 Qe6xe2
7.Bd3xe2 d5
8.Bc1f4 Nb8d7
9.Nb1d2 Ng8f6
10.O-O-O e6
11.Bf4e5 Bf8e7
12.f4 O-O
13.g3 Nd7xe5
14.fxe5 Nf6d7
15.Be2g4 Nd7b6
16.Ng1f3 a5
17.Nd2b3 Nb6c4
18.Nf3h4 Nc4e3
19.h3 Ne3xd1
20.Rh1xd1 b5
21.Nb3c5 Be7xc5
22.dxc5 Kh8
23.a3 Rf8f2
24.Nh4f3 Bc8d7
25.Nf3g5 Ra8f8
26.b4 a4
27.Ng5xe6 Rf8e8
28.Rd1e1 Bd7xe6
29.Bg4xe6 Re8xe6
30.Kd1 Rf2a2
31.Re1e3 Ra2xa3
32.Ke2 Ra3b3
33.Kd3 a3
34.Kd4 a2
35.Re3f3 Kg8
36.Rf3f1 Rb3b1
37.Rf1xb1 axb1Q
38.g4 Qb1e4
0-1

[Event "Défi( 10J+24H/c 10J Max )"]
[Site "www.echecsemail.com"]
[Date "2026.01.22"]
[Round "1"]
[White "Cavalierfou"]
[Black "Tunnellavage"]
[WhiteElo "1780"]
[BlackElo "1730"]
[Result "0-1"]
1.e4 e5
2.Ng1f3 Nb8c6
3.c3 Ng8f6
4.Qd1c2 a5
5.Bf1b5 d6
6.Bb5xc6 bxc6
7.O-O Bf8e7
8.Rf1e1 O-O
9.d3 Bc8g4
10.Nf3d2 h6
11.Qc2a4 c5
12.Nd2c4 Kh7
13.Nc4xa5 Bg4d7
14.Qa4a3 c6
15.b4 cxb4
16.cxb4 c5
17.Bc1d2 Qd8b6
18.Bd2c3 Rf8b8
19.bxc5 dxc5
20.Re1e2 Nf6g8
21.Re2b2 Qb6a6
22.Rb2xb8 Ra8xb8
23.Na5c4 Qa6b7
24.Nb1d2 f6
25.h3 Be7f8
26.Qa3c1 Ng8e7
27.Ra1b1 Qb7a7
28.a3 Ne7c6
29.Rb1b2 Nc6d4
30.Bc3xd4 cxd4
31.Qc1a1 Bd7a4
32.Rb2xb8 Qa7xb8
33.Nc4b2 Ba4c2
34.Nd2c4 Qb8b3
35.Qa1f1 Bf8xa3
36.Nc4xa3 Qb3xa3
37.g4 Qa3xb2
38.Qf1e2 Qb2b1
39.Qe2f1 Qb1xf1
40.Kxf1 Bc2xd3
41.Ke1 Bd3xe4
{ abandon }0-1

[Event "Défi"]
[Site "www.echecsemail.com"]
[Date "2026.01.22"]
[Round "1"]
[White "Mokanne"]
[Black "Intrigue"]
[WhiteElo "1430"]
[BlackElo "1760"]
[Result "0-1"]
1.e4 c6
2.Bf1c4 d5
3.exd5 cxd5
4.Bc4e2 Ng8f6
5.d4 Nb8c6
6.Bc1e3 Bc8f5
7.a3 e6
8.f3 h6
9.Be3f4 Bf8d6
10.Bf4e3 O-O
11.h3 a6
12.Qd1d2 Rf8e8
13.Be3f2 Ra8c8
14.Nb1c3 b5
15.b4 Qd8c7
16.g4 Bf5h7
17.Be2f1 e5
18.Bf2g3 exd4
19.Nc3e4 dxe4
20.f4 e3
21.Qd2e2 Bd6xf4
22.Bg3xf4 Qc7xf4
23.Qe2f3 Qf4xf3
24.Ng1xf3 Bh7xc2
25.Rh1h2 Bc2e4
26.Bf1g2 d3
27.Nf3h4 d2
28.Ke2 Be4xg2
29.Nh4xg2 Nc6d4
30.Kd3 Nd4f3
31.Rh2h1 Rc8d8
32.Ke2 Nf3d4
33.Kd1 Nf6e4
{ abandon }0-1

[Event "XERTIGNY  VOSGES"]
[Site "www.echecsemail.com"]
[Date "2026.01.22"]
[Round "1"]
[White "Petitlulu64"]
[Black "Casisimed"]
[WhiteElo "1760"]
[BlackElo "1620"]
[Result "1-0"]
1.e4 e5
2.Ng1f3 Ng8f6
3.Bf1c4 d6
4.Nf3g5 d5
5.exd5 Nf6xd5
6.Ng5xf7 Kxf7
7.Qd1f3 Qd8f6
8.Bc4xd5 Ke7
9.Qf3c3 c6
10.Bd5e4 Nb8d7
11.O-O Nd7b6
12.Nb1a3 Bc8e6
13.d3 Ra8d8
14.Bc1e3 Nb6d5
15.Be3xa7 Nd5xc3
16.bxc3 Kf7
17.Ba7b6 Bf8xa3
18.f4 g6
19.fxe5 Qf6xf1
20.Ra1xf1 Ke7
21.Bb6xd8 Kxd8
22.Rf1f6 Be6xa2
23.e6 Ke7
24.Rf6f7 Kxe6
25.Rf7xb7 Ba2d5
26.Rb7a7 Bd5xe4
27.Ra7xa3 Be4f5
28.Ra3a6 Kd5
29.c4 Kc5
30.h3 Rh8e8
31.g4 Bf5d7
32.c3 Re8e3
33.d4 Kxc4
34.Ra6a7 Bd7e6
35.Ra7xh7 Re3xc3
36.Rh7h6 Kxd4
37.Rh6xg6 Be6d5
38.h4 c5
39.h5 Ke3
40.h6 Rc3c1
41.Kh2 Rc1h1
42.Kg3 c4
43.g5 c3
44.Rg6d6 Rh1g1
45.Kh2 Rg1g2
46.Kh3 Rg2xg5
47.Kh4 Rg5e5
48.h7 c2
49.h8Q c1Q
50.Qh8xe5 Kf2
51.Rd6xd5 Qc1h1
52.Kg5 Qh1g2
53.Kf6 Qg2g8
54.Ke7 Qg8h7
55.Kd6 Qh7b7
56.Ke6 Qb7c8
57.Rd5d7 Qc8e8
58.Kd6 Qe8b8
59.Ke6 Qb8g8
60.Rd7f7 { abandon }1-0